| 000 | 00519nam a2200193 a 4500 | ||
|---|---|---|---|
| 005 | 20240612064154.0 | ||
| 008 | 991125s19942001es 000 0 spa u | ||
| 020 | _a8449400945 | ||
| 035 | _aUPN01000004931 | ||
| 049 | _aC | ||
| 050 | 4 |
_aG1021 _bA84 1994 |
|
| 245 | 0 | 0 | _aAtlas geográfico universal y de México. |
| 250 | _aNueva ed. | ||
| 260 |
_aBarcelona, Esp. : _bOcéano, _c1994 (2001 impr.) |
||
| 300 |
_axl, 428 p. : _bil. col. |
||
| 650 | 4 |
_aAtlas _98563 |
|
| 650 | 7 |
_aAtlas mexicanos _2 _98564 |
|
| 905 | _aLibro | ||
| 999 |
_c4931 _d4931 |
||